Environmental management in the pulp and paper industry
Saved in:
| Corporate Author: | |
|---|---|
| Format: | Book |
| Language: | English |
| Published: |
Paris
UNEP
1996
|
| Series: | Technical report series
No 34 |
| Subjects: | |
| Online Access: | View in OPAC |
| Tags: |
No Tags, Be the first to tag this record!
|
MARC
| LEADER | 00000nam a2200000 a 4500 | ||
|---|---|---|---|
| 005 | 20260127134422.0 | ||
| 008 | 050511s1996 fr a f ns 000 0 eng c | ||
| 020 | |a 92-807-1589-5 | ||
| 035 | |a UKB000357516 | ||
| 040 | |a BAA001 |b slo |c SK-BrSCK |e AACR2 | ||
| 041 | 0 | |a eng | |
| 044 | |a fr |c FR | ||
| 080 | |a 676 | ||
| 080 | |a 504 | ||
| 080 | |a 341.16 | ||
| 110 | 0 | |a United Nations Environment Programme |b Industry and Environment |4 aut | |
| 245 | 0 | 0 | |a Environmental management in the pulp and paper industry |c United Nations Environment Programme |
| 260 | |a Paris |b UNEP |c 1996 | ||
| 300 | |a viii, 232 s. |b grafy, il., tb. | ||
| 490 | 1 | |a Technical report series |v No 34 | |
| 650 | 0 | 7 | |a priemysel papiera a celulózy |x hľadiská environmentálne |x správy |
| 653 | |a 676 | ||
| 653 | |a 504 | ||
| 653 | |a 341.16 | ||
| 999 | |c 12335 |d 12335 | ||